000 00705nam a22002297a 4500
003 UA-OsUOA
001 121408
007 ta
008 20170320b un ||||| |||| 00| 0 ukr d
100 _aМалік М.Й.
700 _aШпикуляк О.Г.
090 _a330(477)
_bМ19
942 _cSA
040 _aUA-OsUOA
_bukr
_cUA-OsUOA
_dUA-OsUOA
245 _aРозвиток аграрного підприємництва в умовах інституціональних трансформацій
300 _aС.5-17
955 _a0
041 _aukr
080 _a330(477)
773 0 _w121407
_tЕкономіка АПК
_dК.
_d2017
_g2
650 7 _a330 Економіка взагалі
_2UDC
999 _c407626
_d407626